Ciencia, técnica y estado en la España ilustrada / (Record no. 7702)

MARC details
000 -LEADER
campo de control de longitud fija 01091nam a2200253 i 4500
001 - NÚMERO DE CONTROL
campo de control 7702
003 - IDENTIFICADOR DE NÚMERO DE CONTROL
campo de control ES-MaACL
005 - FECHA Y HORA DE LA ÚLTIMA TRANSACCIÓN
campo de control 20250830215846.0
007 - CAMPO FIJO DE DESCRIPCIÓN FÍSICA--INFORMACIÓN GENERAL
campo de control de longitud fija t|
008 - DATOS DE LONGITUD FIJA--INFORMACIÓN GENERAL
campo de control de longitud fija 910323s1990 sp a |||| | spa d
020 ## - NÚMERO INTERNACIONAL ESTÁNDAR DEL LIBRO
Número Internacional Estándar del Libro 84-404-7440-7
080 ## - NÚMERO DE LA CLASIFICACIÓN DECIMAL UNIVERSAL
Número de la Clasificación Decimal Universal 001(46)"17"
111 2# - ENTRADA PRINCIPAL--NOMBRE DE CONGRESO/REUNIÓN
Nombre de congreso/reunión o jurisdicción como elemento de entrada Coloquio Internacional Ciencia, Técnica y Estado
Fecha del congreso o de la firma del tratado (1988.
Sede del congreso/Lugar de la reunión Madrid)
9 (RLIN) 164901
245 10 - MENCIÓN DEL TÍTULO
Título Ciencia, técnica y estado en la España ilustrada /
Mención de responsabilidad, etc. editores, Joaquín Fernández Pérez, Ignacio González Tascón.
260 ## - PUBLICACIÓN, DISTRIBUCIÓN, ETC.
Lugar de publicación, distribución, etc. Madrid :
Nombre del editor, distribuidor, etc. Ministerio de Educación y Ciencia, Secretaría de Estado de Universidades e Investigación, Sociedad Española de Historia de las Ciencias y de las Técnicas,
Fecha de publicación, distribución, etc. [1990]
300 ## - DESCRIPCIÓN FÍSICA
Extensión IX, 589 p. :
Otras características físicas il. ;
Dimensiones 24 cm.
650 14 - PUNTO DE ACCESO ADICIONAL DE MATERIA--TÉRMINO DE MATERIA
Término de materia o nombre geográfico como elemento de entrada Ciencia-
Subdivisión geográfica España-
Subdivisión cronológica S.XVIII.
9 (RLIN) 10945
650 #4 - PUNTO DE ACCESO ADICIONAL DE MATERIA--TÉRMINO DE MATERIA
Término de materia o nombre geográfico como elemento de entrada Tecnología-
Subdivisión geográfica España-
Subdivisión cronológica S.XVIII.
9 (RLIN) 149223
700 1# - ENTRADA AGREGADA--NOMBRE PERSONAL
Nombre de persona Fernández Pérez, Joaquín.
9 (RLIN) 49994
700 1# - ENTRADA AGREGADA--NOMBRE PERSONAL
Nombre de persona González Tascón, Ignacio.
9 (RLIN) 58983
710 2# - ENTRADA AGREGADA--NOMBRE DE ENTIDAD CORPORATIVA
Nombre de entidad corporativa o nombre de jurisdicción como elemento de entrada Sociedad Española de Historia de las Ciencias y de las Técnicas
9 (RLIN) 6730
852 ## - LOCALIZACIÓN
Ubicación ES-MaACL
Número de control de estantería L-14981
Holdings
Estatus retirado Estado de pérdida Estado de daño No para préstamo Biblioteca de origen Biblioteca actual Ubicación en estantería Fecha de adquisición Fuente de adquisición Total de préstamos Signatura topográfica completa Código de barras Visto por última vez Precio de reemplazo Tipo de ítem Koha
        Biblioteca del Ateneo de Madrid Biblioteca del Ateneo de Madrid Depósito 2 17/01/2008     L-14981 1007856 23/02/2023 23/02/2023 Libro impreso